000 00506nam a22001697a 4500
005 20251108172522.0
008 250721s9999 xx 000 0 ara d
082 1 4 _a812منا
100 1 _aمناصرة، حسين
245 1 0 _aفي طريقهم إلى الجنون /
264 1 _aعمان :
_bآرام للدراسات و النشر و التوزيع،
300 _a93ص
650 1 7 _aالمسرحيات العربية
650 1 7 _aالأدب العربي
942 _2ddc
_cBK
999 _c81407
_d81407